000
00299nam a2200097Ia 4500
008
160725s9999 xx 000 0 und d
100
_a
Gareza, April Apple G.
245
_a
Problem-based Learning and assessment.
260
_b
Kaizen Research Journal College of Nursing
_c
March 2013
650
_a
NURSING
999
_c
298035
_d
298035